000 01226nam a2200301 a 4500
001 ebr10494016
003 CaPaEBR
006 m u
007 cr cn|||||||||
008 110929s2010 cauad sb 001 0 eng d
020 _z9781611321012
020 _z9781611321029 (e-book)
040 _aCaPaEBR
_cCaPaEBR
035 _a(OCoLC)759040868
050 1 4 _aH62
_b.W33 2010eb
100 1 _aWadsworth, Yoland.
245 1 0 _aBuilding in research and evaluation
_h[electronic resource] :
_bhuman inquiry for living systems /
_cYoland Wadsworth.
260 _aWalnut Creek, Calif. :
_bLeft Coast Press,
_c2010.
300 _axxx, 329 p. :
_bill.
504 _aIncludes bibliographical references and index.
533 _aElectronic reproduction.
_bPalo Alto, Calif. :
_cebrary,
_d2011.
_nAvailable via World Wide Web.
_nAccess may be limited to ebrary affiliated libraries.
650 0 _aEvaluation research (Social action programs)
650 0 _aSocial sciences
_xResearch.
650 0 _aResearch
_xMethodology.
655 7 _aElectronic books.
_2local
710 2 _aebrary, Inc.
856 4 0 _uhttp://site.ebrary.com/lib/rucke/Doc?id=10494016
_zAn electronic book accessible through the World Wide Web; click to view
999 _c129848
_d129848